Tretí sektor je súčasťou trhu
Marketingová komunikácia v treťom sektore. Marketing Ligy proti rakovine. Kampaň Ligy proti rakovine. Odlíšenie produktu prostredníctvom charity. Sponzoring charitatívnych organizácii agentúrou Ogilvy & Mather. Sponzoring vzdelávania. Legislatívne obmedzenie pre slovenské firmy zúčastňujúce sa na sp...
Enregistré dans:
| Auteur principal: | |
|---|---|
| Format: | Chapitre de livre |
| Langue: | slovaque |
| Sujets: | |
| Tags: |
Pas de tags, Soyez le premier à ajouter un tag!
|
MARC
| LEADER | 00000naa a2200000 4500 | ||
|---|---|---|---|
| 001 | r028099 | ||
| 005 | 20230922094652.2 | ||
| 041 | 0 | |a slo | |
| 044 | |a SK | ||
| 245 | 1 | 0 | |a Tretí sektor je súčasťou trhu |c M. Rážová |
| 520 | |a Marketingová komunikácia v treťom sektore. Marketing Ligy proti rakovine. Kampaň Ligy proti rakovine. Odlíšenie produktu prostredníctvom charity. Sponzoring charitatívnych organizácii agentúrou Ogilvy & Mather. Sponzoring vzdelávania. Legislatívne obmedzenie pre slovenské firmy zúčastňujúce sa na sponzoringu. | ||
| 610 | 2 | 0 | |a marketing |
| 610 | 2 | 0 | |a sektor terciárny |
| 610 | 2 | 0 | |a Slovensko |
| 610 | 2 | 0 | |a Liga proti rakovine |
| 610 | 2 | 0 | |a sponzorovanie |
| 610 | 2 | 0 | |a Ogilvy and Mather |
| 610 | 2 | 0 | |a agentúry |
| 610 | 2 | 0 | |a vzdelávanie |
| 100 | 1 | |a Rážová, M. | |